000 00375nam a2200145Ia 4500
008 241206s9999||||xx |||||||||||||| ||und||
020 _a9789393159946
082 _a540
_bKAL/S
100 _aKalsi,P.S
245 0 _aStereochemistry Conformation and Mechanism
250 _a11th Edition
260 _aNew Delhi
_bNew age international
_c2022
300 _a664p.
942 _cBK
999 _c47606
_d47606